000 00420nam a2200133 a 4500
008 120416s1968 xx |||||||||||||| || u
050 _aTS 205 Gun
100 _aGunston, Bill
245 1 0 _aShaping metals
246 _aGunston Bill
260 _c1968
350 _a0.00
995 _D0.00
_FCBU-MAIN LIBRARY (Kitwe)
_H1
_I5.00
_ULOST
_ZMain Library Open Access Collection
999 _c57380
_d57380